|
|
|
|
| LEADER |
00000nab a2200000 a 4500 |
| 001 |
vtls008408619 |
| 003 |
SK-MaSNL |
| 005 |
20260303070108.0 |
| 008 |
140303c2004 xo wrzp 0 0slo |
| 015 |
|
|
|a SNBRB2004/12
|2 snkbucl
|
| 040 |
|
|
|a SNKNBUCL
|b slo
|c SNKBUCL
|e AACR2
|
| 041 |
0 |
|
|a slo
|
| 044 |
|
|
|a xo
|c SK
|
| 080 |
|
|
|a 614.253.5:006.72
|2 1997
|
| 080 |
|
|
|a 618:614.253.5:006.72
|2 1997
|
| 100 |
1 |
|
|a Záčeková, Mária
|4 aut
|9 591110
|
| 245 |
1 |
0 |
|a Rámcové procesuálne štandardy v gynekologickom ošetrovateľstve
|n VI.
|c Mária Záčeková ... [et al.]
|
| 300 |
|
|
|b Obr., tab.
|
| 650 |
0 |
7 |
|a gynekológia
|2 SNKPH
|9 2474
|
| 650 |
0 |
7 |
|a normy a štandardy
|2 SNKPH
|9 74702
|
| 650 |
0 |
7 |
|a ošetrovateľstvo
|2 SNKPH
|9 2557
|
| 773 |
0 |
|
|t Zdravotnícke noviny
|g Roč. IX, č. 25 (2005)
|x 1335-4477
|
| 773 |
0 |
8 |
|t Rámcové procesuálne štandardy v gynekologickom ošetrovateľstve
|g S. 7-33
|
| 852 |
|
|
|a SNK
|b KIS3GCP
|
| 958 |
|
|
|a ME
|2 snkbucl
|
| 999 |
|
|
|c 1753934
|d 1755864
|